| 000 | 00000nam 2200000za 4500 |
| 001 | 9.643670 |
| 003 | CaOODSP |
| 005 | 20221107134351 |
| 007 | cr ||||||||||| |
| 008 | 150407t19821981xxc ||||o f000 0 fre d |
| 040 | |aCaOODSP|bfre |
| 043 | |an-cn--- |
| 086 | 1 |aA43-1142/1982F-PDF |
| 100 | 1 |aNelson, W. A. |
| 245 | 13|aLa mélophagose ovine |h[ressource électronique] / |cW.A. Nelson. |
| 250 | |aRév. |
| 260 | |aOttawa : |bAgriculture Canada. |c1982, c1981. |
| 300 | |a7 p. |
| 500 | |aPublication historique numerisée par Agriculture et Agroalimentaire Canada. |
| 500 | |aPublié aussi en anglais sous le titre : Control of the sheep ked. |
| 590 | |a15-01-Supp|b2015-01-26 |
| 691 | 07|aInsecte|2gcpds |
| 691 | 07|aMouton|2gcpds |
| 691 | 07|aOrganisme nuisible|2gcpds |
| 710 | 1 |aCanada.|bAgriculture Canada. |bDirection générale de recherche. |
| 775 | 08|tControl of the sheep ked |w(CaOODSP)9.699691 |
| 856 | 40|ahttp://publications.gc.ca|qPDF|s436 Ko|uhttps://publications.gc.ca/collections/collection_2014/aac-aafc/agrhist/A43-1142-1982-fra.pdf |
| 986 | |aPublication 1142 |